| 000 | 00694nam a2200205 a 4500 | ||
|---|---|---|---|
| 005 | 20230324063514.0 | ||
| 008 | 991125s1992 mx 000 0 fre u | ||
| 020 | _a9706112588 | ||
| 035 | _aUPN01000020715 | ||
| 049 | _aCG | ||
| 050 | 4 |
_aPC2066 _bC35 |
|
| 100 | 1 |
_aCapelle, Guy _939930 |
|
| 245 | 1 | 0 |
_aEspaces 1 cahier ressource / _cGuy Capelle, Nolle Gidon ; tr. Institut Francais d' Amerique Latine. |
| 260 |
_aMéxico : _bHachette Methode Espaces, _c1992. |
||
| 300 | _a2 v. | ||
| 505 | 8 |
_aContenido: _gv.1. _tEspaces cahier ressource -- _gv.2. _tEspaces cahier ressource : corrigés |
|
| 650 | 4 |
_aFrancés _xEstudio y enseñanza _913059 |
|
| 700 | 1 |
_aGidon, Nolle, _ecoaut. |
|
| 905 | _aLibro | ||
| 999 |
_c20715 _d20715 |
||